Statistics for Extraction (2020 Film) Quiz

Click here to take the quiz!

General Stats

  • This quiz has been taken 8 times
  • The average score is 6 of 8

Answer Stats

HintAnswer% Correct
What instrument does the boy playPiano
100%
The Actor who plays the Character aboveChris Hemsworth
86%
What did Tyler do at the beginning of the filmJump off a cliff
86%
Which city does the boy need rescuing fromDhaka
71%
The Name of the boy that needs to be extractedOvi Mahajan
71%
Surname of TylerRake
71%
Which famous brothers wrote the storyRusso Brothers
43%
Director of the film who was also a stuntman for MarvelSam Hargrave
29%

Score Distribution

Percentile by Number Answered

Percent of People with Each Score

Your Score History

You have not taken this quiz